000 00956cam a22001694a 4500
005 20250605164347.0
008 250528s ||||||||||||||||||||||||d
035 _a23952
040 _aGR-AtMCL
_bgre
_dGR-AtMCL
_eAACR2
245 1 _aΔιαφοροποιητικό Στοιχείο των Agencies Είναι οι Άνθρωποι
260 _c2018
520 _a'Γκάζι' σε Πωλήσεις και Επικοινωνία, Context - Aware Υπηρεσίες με Απτά Οφέλη για τον Καταναλωτή, Η Αγορά 'Διστάζει' να Περάσει στη Φάση της Πραγματικής Ανάπτυξης, Gen Z: Μια Γενιά - Πρόκληση για τους Marketer και Γεμάτη Αντιφάσεις, Μιλώντας με Αποτελέσματα για την Απόδοση της Επένδυσης.
710 2 _aMarketing Week
_99824
942 _cCR
999 _c8863
_d8863